Programa de mantenimiento preventivo y correctivo en sistemas de distribución de energia eléctrica

সংরক্ষণ করুন:
গ্রন্থ-পঞ্জীর বিবরন
প্রধান লেখক: Alfaro Toribio, Juan Roberto
অন্যান্য লেখক: Carmona Molina, Adrián, Coto Chacón, José Alberto, De la Cruz Jugo Romero, Rodolfo, Vargas Oviedo, Javier Francisco
বিন্যাস: গ্রন্থ
প্রকাশিত: San José, Costa Rica 1987
বিষয়গুলি:
ট্যাগগুলো: ট্যাগ যুক্ত করুন
কোনো ট্যাগ নেই, প্রথমজন হিসাবে ট্যাগ করুন!

MARC

LEADER 00000nam a2200000Ia 4500
003 004481
005 20221231144349.0
008 140114s1987 cr a m 000 ||s d
040 |c cru CEDI 
090 |a TFG 1994 
100 |a Alfaro Toribio, Juan Roberto  |9 13889 
245 |a Programa de mantenimiento preventivo y correctivo en sistemas de distribución de energia eléctrica 
260 |c 1987  |a San José, Costa Rica 
300 |a iii, 253 hojas : ilustraciones ; 28 cm  
500 |a Seminario de graduación (licenciatura en ingenieria eléctrica)--Universidad de Costa Rica. Facultad de Ingeniería. Escuela de Ingeniería Eléctrica 
650 |x DISTRIBUCION DE ENERGIA ELECTRICA  |9 13894 
700 |9 13890  |a Carmona Molina, Adrián 
700 |9 13891  |a Coto Chacón, José Alberto 
700 |9 13892  |a De la Cruz Jugo Romero, Rodolfo 
700 |9 13893  |a Vargas Oviedo, Javier Francisco 
942 |c TFG 
999 |c 20773  |d 20773